The true theory and practice of husbandry (Record no. 113702)

MARC details
000 -LEADER
fixed length control field 00939cam a22001815a 4500
001 - CONTROL NUMBER
control field L155618
008 - FIXED-LENGTH DATA ELEMENTS--GENERAL INFORMATION
fixed length control field 120329s1777 xxk f 000 0 eng d
035 ## - SYSTEM CONTROL NUMBER
System control number (Sirsi) u155618
041 0# - LANGUAGE CODE
Language code of text/sound track or separate title eng
100 1# - MAIN ENTRY--PERSONAL NAME
Personal name Clarke, Cuthbert
Dates associated with a name fl. 1777
245 04 - TITLE STATEMENT
Title The true theory and practice of husbandry
Remainder of title deduced from philosophical researches, and experience. To which is annexed, (illustrated with copper-plates) a compendium of mechanics: calculated to assist the husbandman in the choice and construction of every implement peculiar to his business: and others particularly useful in a commercial country. By Cuthbert Clarke
260 ## - PUBLICATION, DISTRIBUTION, ETC.
Place of publication, distribution, etc. London
Name of publisher, distributor, etc. printed for the author; and sold by G. Robinson, in Paternoster-Row; and T. Slack, in Newcastle
Date of publication, distribution, etc. MDCCLXXVII. [1777]
300 ## - PHYSICAL DESCRIPTION
Extent xii, 363, [1] p., plates
Dimensions 4o
583 ## - ACTION NOTE
Action Condition reviewed
Time/date of action 20120620
Status condition level 2
651 #4 - SUBJECT ADDED ENTRY--GEOGRAPHIC NAME
Geographic name Great Britain
Chronological subdivision 1707-
690 ## - LOCAL SUBJECT ADDED ENTRY--TOPICAL TERM (OCLC, RLIN)
Topical term or geographic name as entry element Rural
9 (RLIN) 6268
942 ## - ADDED ENTRY ELEMENTS (KOHA)
Suppress in OPAC 0
Holdings
Withdrawn status Lost status Damaged status Not for loan Home library Current library Shelving location Date acquired Total Checkouts Full call number Barcode Date last seen Copy number Price effective from Koha item type
        Historic collection Historic collection Historic collection 29/03/2012   HUSBANDRY QUARTO 1777 CLARKE 30077936 27/08/2025 1 06/08/2019 Book